|
|
|
|
| LEADER |
00906nam a2200253 a 4500 |
| 001 |
12842474 |
| 008 |
100419s2004 mauak 001 0 eng d |
| 010 |
|
|
|a \\2002109458
|
| 020 |
|
|
|a 061830293X
|
| 040 |
|
|
|a DLC
|c DLC
|d DLC
|d BD-DhAAL
|
| 082 |
0 |
0 |
|a 346.7307
|2 22
|
| 100 |
1 |
|
|a Goldman, Arnold J.
|
| 245 |
1 |
0 |
|a Business law :
|b principles and practices /
|c Arnold J. Goldman, William D. Sigismond.
|
| 250 |
|
|
|a 6th ed.
|
| 260 |
|
|
|a Boston :
|b Houghton Mifflin,
|c c2004.
|
| 300 |
|
|
|a viii, 760 p. :
|b ill., forms ;
|c 26 cm.
|
| 504 |
|
|
|a Includes index.
|
| 541 |
1 |
|
|e 00014858
|
| 650 |
|
0 |
|a Business law
|z United States.
|
| 700 |
1 |
|
|a Sigismond, William D.
|
| 852 |
4 |
|
|a Ayesha Abed Library
|j General Shelf
|
| 942 |
0 |
0 |
|0 1
|
| 999 |
|
|
|c 8147
|d 8147
|
| 952 |
|
|
|0 0
|1 0
|2 ddc
|4 0
|6 346_730700000000000_GOL_2004
|7 0
|9 9300
|a BRACUL
|b BRACUL
|c GEN
|d 2010-04-19
|l 18
|m 196
|o 346.7307 GOL
|p 3010014858
|r 2025-04-15
|s 2025-02-10
|t 1
|w 2010-04-19
|y BK
|